| 000 | 00706nam a2200241Ia 4500 | ||
|---|---|---|---|
| 005 | 20230609112313.0 | ||
| 008 | 131103s9999 xx 000 0 und d | ||
| 040 | _aLoreto College | ||
| 041 | _aEnglish | ||
| 082 |
_a938 _bBON |
||
| 100 | _aBonnard,Andre | ||
| 245 |
_aGreek civilization _b from the Antigone to Socrates _cAndre Bonnard; translated by A.Lytton Sells |
||
| 260 |
_aLondon _bGeorge Allen and Unwin _c1959 |
||
| 300 |
_a248 p. _b 32 ill. |
||
| 504 | _aIncludes bibliographical references and index | ||
| 630 | _aAncient History | ||
| 630 | _aGreece - Ancient History | ||
| 650 | _aAntigone | ||
| 651 | _aSocrates | ||
| 700 | _aSells,A.Lytton,tr. | ||
| 850 | _aLCLIB | ||
| 942 | _cBK | ||
| 999 |
_c8639 _d59118 |
||